00708nam a2200241Ia 4500003000900000008004100009040001300050040001300063041000800076100001600084100000900100245004600109250001000155260002100165260000900186300001100195300001000206490003600216490000700252942000700259999001700266952018300283IT-RoPAU120407s9999 xx 000 0 und d aIT-RoPAU cIT-RoPAU aita aHugo Rahner ccur. aLa parrocchia. Dalla teologia alla prassi aRoma  aEdizioni Paoline c1963 a223 p. c18 cm aBiblioteca di cultura religiosa v55 cBK c29320d29320 00102ddc406208_23550000000000071aPAULUSbPAULUSd2012-04-11l0o208.2355r2012-04-11 00:00:00w2012-04-11yBKzInserito da: In data: n.d. fondo: Via A.Severo 56 Progr:20641